MARC

LEADER 00000nam0a2200000 4500
001 327056
005 20231102003925.0
035 |a (RuTPU)RU\TPU\book\352716 
090 |a 327056 
100 |a 20170125d1959 km y0rusy50 ca 
101 0 |a rus 
102 |a RU 
105 |a af z 001zd 
200 1 |a Из истории инженерной графики Урала и Сибири  |f А. И. Александров  |g Академия наук СССР, Уральский филиал 
210 |a Свердловск  |c Изд-во АН СССР  |d 1959 
215 |a 102 с.  |c ил.  |e Прилож.: 10 вкл. л. 
320 |a Библиогр.: с. 99 
600 1 |a Ползунов  |b И. И.  |c российский теплотехник  |f 1728-1766  |g Иван Иванович  |2 stltpush  |3 (RuTPU)RU\TPU\pers\13276  |9 3949 
600 1 |a Сафонов  |b И. Е.  |c механик, строитель водяных турбин  |c крепостной  |f 1805-1850  |g Игнатий Егорович  |2 stltpush  |3 (RuTPU)RU\TPU\pers\46471  |9 22136 
606 1 |a Инженерная графика  |2 stltpush  |3 (RuTPU)RU\TPU\subj\39243  |9 59411 
610 1 |a история 
610 1 |a Урал 
610 1 |a Сибирь 
610 1 |a чертежи 
610 1 |a качественные изменения 
610 1 |a штриховка 
610 1 |a размеры 
610 1 |a инструменты 
610 1 |a кадры 
610 1 |a подготовка 
610 1 |a изобретатели 
610 1 |a конструкторы 
610 1 |a водяные турбины 
675 |a 76:621  |v 4 
700 1 |a Александров  |b А. И. 
712 0 2 |a Академия наук СССР  |b Уральский филиал  |c (Свердловск)  |2 stltpush  |3 (RuTPU)RU\TPU\col\18347  |9 27001 
801 1 |a RU  |b 63413507  |c 20170125 
801 2 |a RU  |b 63413507  |c 20201130  |g RCR 
942 |c BK